| 000 | 00606nam a2200217 u 4500 | ||
|---|---|---|---|
| 005 | 20250321063749.0 | ||
| 008 | 071113s2004 r 000 0 eng d | ||
| 020 | _a8434428202 | ||
| 035 | _aUPN01000153516 | ||
| 049 | _aCG | ||
| 050 | 4 |
_aPN1101 _bN3.3 2004 |
|
| 100 | 1 |
_aNavarro Durán, Rosa, _d1947- _933345 |
|
| 245 | 1 | 0 |
_aCómo leer un poema / _cRosa Navarro Durán. |
| 250 | _a2a ed. | ||
| 260 |
_aBarcelona, Esp. : _bAriel, _c2004. |
||
| 300 | _a188 p. | ||
| 440 | 0 | _aAriel Practicum | |
| 650 | 2 |
_aPoesía - _xEstudio y Enseñanza _91216 |
|
| 650 | 4 |
_aPOESIA - _xANALISIS _91213 |
|
| 905 | _aLibro | ||
| 999 |
_c125637 _d125637 |
||